000
00258nam a2200109Ia 4500
008
200302s9999 xx 000 0 und d
100
_a
Alex Sanchez Vidiella
245
_a
Low Budget Houses
260
_b
Loft Publications
260
_c
2011
300
_a
599 P.,
999
_c
3108
_d
3108